Statistics for On This Day (January 5th) Multiple Choice

Click here to take the quiz!

General Stats

  • This quiz has been taken 22 times
    (14 since last reset)
  • The average score is 9 of 16

Answer Stats

QuestionAnswer% Correct
1933 – Construction of which iconic bridge begins ?Golden Gate Bridge
91%
1914 – Which company announces an eight-hour workday and minimum daily wage of $5 in salary plus bonuses ?Ford Motor Company
73%
1945 - Which character debuts in the Warner Bros cartoon "Odor-able Kitty" ?Pepe LePew
73%
1952 - Which British Prime Minister starts an official visit to the US ?Winston Churchill
73%
2014 - A communication satellite is launched using a cryogenic engine built by which country for the first time?India
64%
1972 - President Richard Nixon ordered the development of what ?Space Shuttle
64%
1970 - 23,000 mine workers go on strike in which European country ?Belgium
55%
1781 - British naval expedition led by Benedict Arnold burns which US city ?Richmond, Virginia
55%
1944 – What is the first major London newspaper to be published on both sides of the Atlantic ?The Daily Mail
55%
1969 – Marilyn Manson,(real name Brian Hugh Warner) American singer-songwriter, actor, and director is born in which US city ?Canton, Ohio
45%
2007 - Momofuku Ando, dies in Osaka, what did he invent?Instant Noodles
45%
1919 - Anton Drexler founded the German Workers' Party, the forerunner of the Nazi Party, in which German city ?Munich
45%
1840 - According to public records there are 95,820 of what in England on this date?Public Houses (Pubs)
36%
1993 - The oil tanker MV Braer runs aground on the coast of which British island group, spilling twice as much crude oil as the Exxon Valdez in 1989?Shetland Islands
36%
1925 – Nellie Tayloe Ross of which state becomes the first female governor in the United States ?Wyoming
36%
1900 - Irish leader John Edward Redmond calls for a revolt against what ?British Rule
27%

Score Distribution

Percentile by Number Answered

Percent of People with Each Score

Your Score History

You have not taken this quiz since the last reset